| 000 | 01124cam a2200289 4500 | ||
|---|---|---|---|
| 008 | 040308n2003 000 0 eng u | ||
| 020 | _a1900858983 | ||
| 022 | _a0950-3250 | ||
| 035 | _a(Sirsi) u125361 | ||
| 041 | _aeng | ||
| 050 |
_a692.5 _c18 |
||
| 110 |
_aBuilding Cost Information Service _91096 |
||
| 245 |
_aBCIS guide to daywork rates _b calculations of standard hourly base rates |
||
| 250 | _a18th ed. | ||
| 260 |
_aLondon _bBCIS _c2003 |
||
| 300 |
_a78p. _c30cm. |
||
| 350 | _a37.50 | ||
| 520 | _aAnnual guide to daywork rates which gives model calculations of standard hourly base rates, including all 2003 wage awards. Includes rates from 1994 to date. | ||
| 520 | _aThis item is part of a subscription service and cannot be photocopied. Neither can any part of it be read out over the phone. Please contact BCIS direct for more details t +44 (0)20 7695 1500. | ||
| 650 | _aDAYWORK RATES | ||
| 650 | _aBUILT ENVIRONMENT-BUILDING COSTS | ||
| 650 | _aLABOUR RATES | ||
| 650 |
_aBlock management _96220 |
||
| 650 | _aLABOUR COSTS | ||
| 690 | _aBUILT ENVIRONMENT-BUILDING COSTS | ||
| 942 | _n0 | ||
| 999 |
_c103378 _d103378 |
||